| 000 | 00951 a2200229 4500 | ||
|---|---|---|---|
| 999 |
_c1034 _d1034 |
||
| 020 | _a9780797441637 [v. 1] | ||
| 050 | 0 | 0 | _aGE160 ZIM 2010 |
| 100 | _aFeresu, S.B (editor) | ||
| 245 | 0 | 0 |
_aZimbabwe environment outlook : _bour environment, everybody's responsibility : Zimbabwe's third state of the environment report / _ceditor S.B. Feresu. |
| 264 |
_aHarare _bMinistry of Environment and Natural Resources _c2010 |
||
| 300 |
_a2 v. : _bcol. ill., col. maps ; |
||
| 500 | _aZimbabwe Environment | ||
| 504 | _aIncludes bibliographical references. | ||
| 650 | 0 | _aEnvironmental policy | |
| 650 | 0 | _aEnvironmental protection | |
| 651 | 0 | _aZimbabwe | |
| 700 | 1 | _aFeresu, Sara. | |
| 710 | 1 | _aZimbabwe. | |
| 856 | 4 | 1 |
_3Table of contents only _uhttp://www.loc.gov/catdir/toc/fy13pdf06/2012314431.html |
| 942 |
_2lcc _cBK _h160 _iZIM _kGE |
||